000 03004nam a2200361Ka 4500
001 60319
003 CO-BoRNBP
005 20260122191428.0
007 cr cn---------
008 160614s2016 nyu s 000 1 spa d
020 _a9788420424095 (electronic bk)
040 _aTEFOD
_cTEFOD
084 _aFIC000000
100 1 _aRestrepo, Laura.
_915849
245 1 0 _aEl siríaco
_h[electronic resource] :
_bPecado 6.
_cLaura Restrepo.
250 _a1a. edición
300 _a1 online resource
336 _atext
_btxt
_2rdacontent
337 _acomputer
_bc
_2rdamedia
338 _aonline resource
_bcr
_2rdacarrier
490 0 _aPecado.
500 _aTitle from eBook information screen..
520 _aEL SIRÍACO Un relato sobre la soberbia Sexto relato de los siete que componen Pecado , el nuevo libro de Laura Restrepo, que se comercializa en digital de forma seriada y con antelación a su publicación en papel, diariamente a partir del 11 de marzo. «Desde la soledad de su mirador, el Siríaco desafía a la noche y se atiene a las consecuencias: ante él se abre un abismo de maravillas y de terrores. Suya es la lucidez; las cobijas son nuestra ceguera. Al Siríaco no lo vemos pero contamos con su presencia, que palpita al fondo de las plazas, por encima de la última fila de tejados, detrás de los muladares, los desguazaderos, el matadero municipal y los huertos de tomate y berenjena.» «El Siríaco»es un relato sobre un profeta soberbio perteneciente al libro Pecado , donde El jardín de las delicias de El Bosco parece haber dejado de estar colgado en el museo y se muestra más real que nunca, vivido por personajes de carne y hueso que nos confiesan al oído su particular relación con el mal. Sobre el lector recaerá el reto moral de condenarlos o, tal vez, de indultarlos. Con la fuerza y la sensibilidad que caracterizan su literatura, Laura Restrepo indaga en la complejidad ética de la transgresión a través de una narración inquietante, original, por momentos aterradora y al mismo tiempo dulcemente humana. Cada pecado trae consigo su correspondiente culpa, pero también su gota de alivio. El 17 de marzo a la venta «Amor sin pies ni cabeza», el séptimo y último pecado.
538 _aRequires the Libby app or a modern web browser.
650 1 7 _aFiction.
_2OverDrive
_968276
650 7 _aLiterature.
_2OverDrive
_968277
655 7 _aElectronic books.
_2local
_968278
856 4 0 _uhttp://link.overdrive.com/?websiteID=320062&titleID=2630361
_zClick to access digital title.
856 4 _3Excerpt
_uhttps://samples.overdrive.com/?crid=c5ac4e55-5d7a-4092-a68d-e126dbc0ee3e&.epub-sample.overdrive.com
_zSample
856 4 _3Image
_uhttps://img1.od-cdn.com/ImageType-100/5835-1/%7BC5AC4E55-5D7A-4092-A68D-E126DBC0EE3E%7DImg100.jpg
_zLarge cover image
856 4 _3Thumbnail
_uhttps://img1.od-cdn.com/ImageType-200/5835-1/%7BC5AC4E55-5D7A-4092-A68D-E126DBC0EE3E%7DImg200.jpg
_zThumbnail cover image
942 _2ddc
_cBK
999 _c60319
_d60319